000 01635nam a2200277Ia 4500
003 OSt
005 20210426123409.0
008 210310s2009 mx ado gr 000 0 spa d
020 _a9786074810349
040 _aCO-JMCR
_cCO-JMCR
041 0 _aspa
082 0 4 _a330 /
_bM154p
_223
100 1 _aMankiw, N Gregory,
_eautor
_91132
245 1 0 _aPrincipios de economía /
_cN. Gregory Mankiw, Coordinadores de traducción y traductores, Hilda Peña-Alfaro, David Peña-Alfaro
250 _aQuinta edición.
260 _aMéxico :
_bCengage Lerning,
_c2009.
300 _axxxiii, 872 páginas :
_bilustraciones, gráficos y fotografías a color ;
_c27 cm.
500 _aIncluye índice y glosario.
505 0 _aIntroducción. -- Cómo funcionan los mercados. -- Los mercados y el bienestar. -- Las economías del sector público. -- El comportamiento de la empresa y la organización de la industria. -- la economía de los mercados de trabajo. -- Temas para estudio posterior. -- La información macroeconómica. -- La economía real en el largo plazo. -- El dinero y los precios en el largo plazo. -- La macroeconomía de las economías abiertas. -- Fluctuaciones económicas en el corto plazo. -- Pensamientos finales.
520 0 _aun estudio del genero humano en el ordinario negocio de la vida, dijo Alfred Marshall, el gran economista del siglo xix, definiendoel termino economía en su clásico libro.
650 1 4 _aEconomía
_925943
650 1 4 _aPrincipios de economía.
_937144
700 1 _aPeña-Alfaro, Hilda,
_etraductora
_937145
700 1 _aPeña-Alfaro, David,
_etraductor
_937146
942 _2ddc
_cBK
999 _c11597
_d11597